Fidel, guerrillero de todos los tiempos/
En el artículo "Fidel, guerrillero de todos los tiempos" escrito por Atilio A. Boron, se explora el papel de Fidel Castro como un ícono revolucionario y guerrillero. Boron analiza cómo Fidel Castro se convirtió en un símbolo de lucha contra la opresión y la injusticia, no solo en Cuba sino...
Guardat en:
| Autor principal: | |
|---|---|
| Format: | Llibre |
| Idioma: | Spanish |
| Matèries: | |
| Etiquetes: |
Afegir etiqueta
Sense etiquetes, Sigues el primer a etiquetar aquest registre!
|
MARC
| LEADER | 00000nam a22000007a 4500 | ||
|---|---|---|---|
| 003 | cru CIDCACS/IIS | ||
| 005 | 20230902183442.0 | ||
| 007 | ta | ||
| 008 | 180914s2016 cu |||p|r|||| 00| 0 spa d | ||
| 040 | |c cru CIDCACS/IIS | ||
| 100 | 1 | |a Borón, Atilio A. |9 7702 | |
| 245 | 1 | |a Fidel, guerrillero de todos los tiempos/ |c Atilio A. Boron | |
| 300 | |a páginas 55-64: |b foto | ||
| 520 | |a En el artículo "Fidel, guerrillero de todos los tiempos" escrito por Atilio A. Boron, se explora el papel de Fidel Castro como un ícono revolucionario y guerrillero. Boron analiza cómo Fidel Castro se convirtió en un símbolo de lucha contra la opresión y la injusticia, no solo en Cuba sino en todo el mundo. El autor examina el contexto histórico en el que Castro emergió como líder revolucionario y cómo su enfoque guerrillero desafió a las estructuras de poder establecidas. Además, se explora el legado duradero de Fidel como inspiración para movimientos de resistencia y cambio social en diversas partes del mundo. RAR 09/2022 | ||
| 650 | 4 | |2 OCDE |9 1923 |a GUERRILLEROS | |
| 650 | 0 | |2 OCDE |9 137 |a REVOLUCION | |
| 650 | 0 | |2 OCDE |9 7667 |a LUCHA | |
| 650 | 4 | |2 OCDE |9 1933 |a CAMBIO SOCIAL | |
| 650 | 0 | |2 UNESCO |9 3638 |a LIDERAZGO POLITICO | |
| 773 | 0 | |0 19037 |9 2290 |a Casa de las Américas |d Cuba Casa de las Américas |o 18653 |t Casa de las Américas / | |
| 942 | |2 ddc |c PP | ||
| 999 | |c 41686 |d 41686 | ||
